<?xml version="1.0" encoding="UTF-8"?><?xml-stylesheet type="text/xsl" href="static/style.xsl"?><OAI-PMH xmlns="http://www.openarchives.org/OAI/2.0/" xmlns:xsi="http://www.w3.org/2001/XMLSchema-instance" xsi:schemaLocation="http://www.openarchives.org/OAI/2.0/ http://www.openarchives.org/OAI/2.0/OAI-PMH.xsd"><responseDate>2026-04-13T02:58:02Z</responseDate><request verb="GetRecord" identifier="oai:www.recercat.cat:2445/162283" metadataPrefix="marc">https://recercat.cat/oai/request</request><GetRecord><record><header><identifier>oai:recercat.cat:2445/162283</identifier><datestamp>2025-12-05T09:42:05Z</datestamp><setSpec>com_2072_1057</setSpec><setSpec>col_2072_478778</setSpec><setSpec>col_2072_478917</setSpec></header><metadata><record xmlns="http://www.loc.gov/MARC21/slim" xmlns:dcterms="http://purl.org/dc/terms/" xmlns:xsi="http://www.w3.org/2001/XMLSchema-instance" xmlns:doc="http://www.lyncode.com/xoai" xsi:schemaLocation="http://www.loc.gov/MARC21/slim http://www.loc.gov/standards/marcxml/schema/MARC21slim.xsd">
   <leader>00925njm 22002777a 4500</leader>
   <datafield ind2=" " ind1=" " tag="042">
      <subfield code="a">dc</subfield>
   </datafield>
   <datafield ind2=" " ind1=" " tag="720">
      <subfield code="a">Mas Martí, Esther</subfield>
      <subfield code="e">author</subfield>
   </datafield>
   <datafield ind2=" " ind1=" " tag="720">
      <subfield code="a">Sanpera Calbet, Isis</subfield>
      <subfield code="e">author</subfield>
   </datafield>
   <datafield ind2=" " ind1=" " tag="720">
      <subfield code="a">Muñoz Gràcia, Isabel</subfield>
      <subfield code="e">author</subfield>
   </datafield>
   <datafield ind2=" " ind1=" " tag="260">
      <subfield code="c">2020-05-25T12:48:49Z</subfield>
   </datafield>
   <datafield ind2=" " ind1=" " tag="260">
      <subfield code="c">2020-05-25T12:48:49Z</subfield>
   </datafield>
   <datafield ind2=" " ind1=" " tag="260">
      <subfield code="c">2017-04-01</subfield>
   </datafield>
   <datafield ind2=" " ind1=" " tag="260">
      <subfield code="c">2020-05-25T12:48:49Z</subfield>
   </datafield>
   <datafield ind2=" " ind1=" " tag="520">
      <subfield code="a">Stream flow intermittency and subsequent streambed drying, which already occurs in most biomes worldwide, is expected to increase in many regions due to both climate change and increased water demand. We studied the effects of streambed drying on leaves and epilithic biofilm and their effects on potential consumers. In the field, resources were conditioned according to the following treatments: (i) continuously submerged (PERM), (ii) submerged, exposed to the dry streambed and then submerged again (INT), or (iii) conditioned in the dry streambed and only allowed instream conditioning for 1 week (DRY, only for leaves). The results showed that drying affects resource quality, and the effects on biofilm were more severe than those on leaves. Both DRY leaves and INT biofilm showed lower microbial colonization and nitrogen accrual, whereas INT leaves had similar characteristics to PERM leaves. Drying resulted in decreased shredder and herbivore consumption rates and detritivore growth. Our results suggest that bottom-up effects of drying through changes in resource quality can constrain detritivore growth in temporary streams, potentially affecting stream secondary production and invertebrate-mediated organic matter cycling under a drier climate scenario.</subfield>
   </datafield>
   <datafield tag="653" ind2=" " ind1=" ">
      <subfield code="a">Cursos d'aigua</subfield>
   </datafield>
   <datafield tag="653" ind2=" " ind1=" ">
      <subfield code="a">Canvi climàtic</subfield>
   </datafield>
   <datafield tag="653" ind2=" " ind1=" ">
      <subfield code="a">Rivers</subfield>
   </datafield>
   <datafield tag="653" ind2=" " ind1=" ">
      <subfield code="a">Climatic change</subfield>
   </datafield>
   <datafield ind2="0" ind1="0" tag="245">
      <subfield code="a">Bottom-up effects of streambed drying on consumer performance through changes in resource quality</subfield>
   </datafield>
</record></metadata></record></GetRecord></OAI-PMH>